000 00574nam a2200205Ia 4500
001 11304
003 GE_BSU
008 181216s||||||||xx |||||||||||||| ||und||
040 _cGE_BSU
080 _a631.4(075.8)
100 _aფალავანდიშვილი შ.
245 _aნიადაგის დაცვა
245 _cრედ: მ. მგელაძე
260 _aბათუმი
260 _bალიონი
260 _c2007
300 _a54გვ.21სმ.
653 _aნიადაგის დაცვა
942 _cBK
999 _c44506
_d44506